[Event "European Senior Teams 2012"]
[Site "Rogaska Slatina SLO"]
[Date "2012.04.04"]
[Round "9.12"]
[White "Steedman,J"]
[Black "Ashby,Ant"]
[Result "1/2-1/2"]
[WhiteElo "2129"]
[BlackElo "2129"]

1.d4 d5 2.c4 c6 3.Nf3 dxc4 4.a4 Nf6 5.Nc3 Bf5 6.e3 e6 7.Bxc4 Nbd7 8.O-O Be7
9.Qe2 Bg4 10.h3 Bh5 11.Rd1 Qc7 12.e4 O-O 13.Bg5 Bb4 14.Na2 Qa5 15.Bh4 Rfe8
16.Nxb4 Qxb4 17.Ra3 Nxe4  1/2-1/2

[Event "European Senior Teams 2012"]
[Site "Rogaska Slatina SLO"]
[Date "2012.04.04"]
[Round "9.21"]
[White "Kverndal,L"]
[Black "Johansson,P"]
[Result "0-1"]
[WhiteElo "1914"]
[BlackElo "2031"]

1.d4 d5 2.Nf3 Nf6 3.c4 c6 4.g3 Bf5 5.Bg2 e6 6.O-O h6 7.Nc3 Nbd7 8.cxd5 exd5
9.Qb3 Qb6 10.Bf4 Qxb3 11.axb3 Bc2 12.Nd2 g5 13.Be3 Ng4 14.Nxd5 cxd5 15.Bxd5 a5
16.Bxb7 Rb8 17.Bc6 Bb4 18.Nc4 Ke7 19.Nxa5 Rb6 20.Bd5 Bxa5 21.Rxa5 Bxb3 22.Bxb3 Rxb3
23.Bc1 Rhb8 24.h3 Ngf6 25.f3 R8b4 26.Rd1 Nb6 27.Rd3 Rxd3 28.exd3 Nfd5 29.f4 gxf4
30.gxf4 Rxd4 31.f5 h5  0-1

[Event "35th San Sebastian Open"]
[Site "Donostia ESP"]
[Date "2012.04.06"]
[Round "8"]
[White "Moreno Ruiz,J"]
[Black "Sahl,S"]
[Result "1/2-1/2"]
[WhiteElo "2513"]
[BlackElo "2214"]

1.d4 d5 2.c4 c6 3.Nf3 Nf6 4.Qb3 dxc4 5.Qxc4 Bf5 6.g3 e6 7.Bg2 h6 8.O-O Nbd7
9.e3 Bd6 10.Rd1 Qb6 11.Qe2 O-O 12.Nbd2 Bh7 13.Nc4 Qb5 14.a4 Qa6 15.Bf1 Be7
16.Bd2 b6 17.Rdc1 c5 18.Qd1 Qb7 19.a5 Be4 20.Be2 Rad8 21.Bc3 Nd5 22.Be1 N5f6
23.Nfd2 Bc6 24.Qc2 Rc8 25.axb6 axb6 26.Ne5 Nxe5 27.dxe5 Nd5 28.Ba6 Nb4 29.Bxb7 Nxc2
30.Bxc8 Nxa1 31.Ba6 Ra8 32.Rxa1 Bb7 33.Bxb7 Rxa1 34.Kf1 c4 35.Bc6 Bb4 36.Ke2 c3
37.bxc3 Bxc3 38.Nf3 Ra2+ 39.Kf1 Ra1 40.Bb5 Bxe1 41.Nxe1 Ra5 42.Bc4 Rxe5 43.Ke2 Kf8
44.Kd3 Ke7 45.Nf3 Rf5 46.Ke2 Kd6 47.Nd4 Ra5 48.f4 Kc5 49.Bb3 Kb4 50.Kd2 Rc5
51.h4 Rc8 52.Bc2 Ra8 53.g4 Kc5 54.g5 hxg5 55.hxg5 g6 56.Bb3 b5 57.Kd3 Re8
58.Ke4 Rh8 59.Ke5 Rh3 60.e4 Rd3 61.Nxe6+ fxe6 62.Bxe6 Rg3 63.Kf6 Kd4 64.f5 Kxe4
65.fxg6 Kf4 66.g7 Rxg5 67.Bf7 Rxg7 68.Kxg7  1/2-1/2

[Event "39th La Roda Open"]
[Site "La Roda ESP"]
[Date "2012.04.06"]
[Round "5"]
[White "Diez Fraile,D"]
[Black "Del Rey,D"]
[Result "0-1"]
[WhiteElo "2185"]
[BlackElo "2372"]

1.Nf3 d5 2.d4 Nf6 3.c4 c6 4.g3 e6 5.Bg2 Be7 6.O-O O-O 7.Nbd2 Nbd7 8.Qc2 b6
9.e4 Bb7 10.e5 Ne8 11.b3 Rc8 12.Bb2 c5 13.dxc5 Nxc5 14.Rad1 Qc7 15.Qb1 dxc4
16.Nxc4 Be4 17.Qa1 Bd3 18.Nd6 Bxf1 19.Nxc8 Bxg2 20.Nxe7+ Qxe7 21.Kxg2 Nc7
22.Ba3 Nd5 23.Qc1 Qb7 24.Bxc5 Rc8 25.b4 bxc5 26.bxc5 Qc6 27.Rd4 Qxc5 28.Qxc5 Rxc5
29.Ra4 a5 30.Ng5 Nb4 31.a3 Nc6 32.f4 h6 33.Ne4 Rc2+ 34.Kf3 g5 35.Nd6 gxf4
36.gxf4 Rxh2 37.Rc4 Rc2 38.Rxc2 Nd4+ 39.Kg4 Nxc2 40.Nc4 a4 41.Kh5 Kg7 42.Nb6 Nxa3
43.Nxa4 Nc4 44.Nc5 Ne3 45.Ne4 Nd5 46.f5 exf5 47.Nd6 Nf4+ 48.Kh4 Kg6  0-1

[Event "Pobeskydi Open 2012"]
[Site "Frydek Mistek CZE"]
[Date "2012.04.07"]
[Round "6"]
[White "Petr,Ja2"]
[Black "Macicek,Jak"]
[Result "0-1"]
[WhiteElo "1972"]
[BlackElo "2171"]

1.d4 d5 2.c4 c6 3.Nf3 Nf6 4.g3 e6 5.Bg2 Be7 6.O-O O-O 7.b3 Nbd7 8.Nbd2 b6
9.Bb2 Bb7 10.Rc1 Rc8 11.e3 Re8 12.Qe2 c5 13.cxd5 exd5 14.Rfd1 Bd6 15.Bh3 Rc7
16.Nh4 Bf8 17.Ndf3 Ne4 18.Ne5 Ndf6 19.f3 Ng5 20.Bg2 Qb8 21.g4 Ne6 22.dxc5 bxc5
23.f4 d4 24.g5 Nd5 25.Be4 Nxg5 26.fxg5 Rxe5 27.exd4 Rxg5+ 28.Kf2 cxd4 29.Nf3 Rg2+
30.Kxg2 Nf4+ 31.Kf2 Nxe2 32.Rxc7 Bxe4 33.Rdc1 Nxc1  0-1

[Event "Semana Santa LAB Open"]
[Site "Bogota COL"]
[Date "2012.04.08"]
[Round "8"]
[White "Fernandez,Li"]
[Black "Paniagua,David"]
[Result "1-0"]
[WhiteElo "2368"]
[BlackElo "1912"]

1.d4 d5 2.Nf3 Nf6 3.c4 c6 4.Qc2 e6 5.e3 Bd6 6.Nc3 Nbd7 7.g4 dxc4 8.g5 Nd5
9.Bxc4 N7b6 10.Be2 Qe7 11.e4 Nb4 12.Qd1 c5 13.e5 Bc7 14.dxc5 Qxc5 15.Be3 Qe7
16.Ne4 N4d5 17.Bc5 Qd8 18.Nd6+ Bxd6 19.Bxd6 Bd7 20.Qd4 Nc8 21.h4 Nxd6 22.exd6 O-O
23.h5 Qa5+ 24.Kf1 Qb4 25.Qxb4 Nxb4 26.Rh4 Nd5 27.Ne5 Rfd8 28.g6 fxg6 29.hxg6 h6
30.Bg4 Nf6 31.Bh3 Bb5+ 32.Kg1 Rxd6 33.Rb4 Ba6 34.Nf7 Rc6 35.Re1 Re8 36.Rd4 Kf8
37.Nd8 e5 38.Rd7 Nxd7 39.Nxc6 bxc6 40.Bxd7 Re7 41.Rd1 Bb7 42.Rd6 c5 43.Be6 Bf3
44.Bf7 Rb7 45.Re6 Rb8 46.Rxe5 Bc6 47.Rxc5 Be8 48.Rc7 Rxb2 49.Rc8 Re2 50.Kf1 Re7
51.f4 Rxf7 52.gxf7 Kxf7 53.Rc7+ Kf6 54.Rxa7  1-0

[Event "FSGM April 2012"]
[Site "Budapest HUN"]
[Date "2012.04.11"]
[Round "5"]
[White "Rajlich,I"]
[Black "Simonian,H"]
[Result "1/2-1/2"]
[WhiteElo "2422"]
[BlackElo "2469"]

1.d4 d5 2.c4 c6 3.Nf3 Nf6 4.Qb3 dxc4 5.Qxc4 Bf5 6.Nc3 e6 7.g3 b5 8.Qb3 b4
9.Na4 Nbd7 10.Bg2 Be4 11.O-O Be7 12.Bg5 O-O 13.Rac1 Qa5 14.Bxf6 Bxf6 15.Nc5 Bd5
16.Qd3 Bxf3 17.Nxd7 Bxg2 18.Rc5 Qxa2 19.Rh5 g6 20.Nxf6+ Kg7 21.Rxh7+ Kxf6
22.Kxg2 Qxb2 23.Qe4 Ke7 24.Qxc6 Qxd4 25.Qb7+ Kf6 26.Qf3+ Ke7 27.Rc1 Rad8
28.Rh4 Qd5 29.Rxb4 Qxf3+ 30.Kxf3 Rd7 31.Rc5 Ra8 32.h4 a5 33.Ra4 Rd5 34.Rc7+ Rd7
35.Rc5 Rd5 36.Rxd5 exd5 37.g4 Ke6 38.Kf4 f6 39.f3 Ra7 40.Ke3 Ke5 41.Kd3 Ra8
42.e3 Ra7 43.f4+ Ke6 44.Kd4 Rh7 45.Rxa5 Rxh4 46.Ra6+ Kf7 47.Kxd5 Rxg4 48.Ra7+ Kg8
49.Ke6 f5 50.Kf6 Rg3 51.Ra8+ Kh7 52.Re8 Rg1 53.Rd8 Ra1 54.Rd2 Ra6+ 55.Kg5 Re6
56.Rd7+ Kg8  1/2-1/2

[Event "14th Dubai Open 2012"]
[Site "Dubai UAE"]
[Date "2012.04.16"]
[Round "2.13"]
[White "Miroshnichenko,E"]
[Black "El Arousy,A"]
[Result "1-0"]
[WhiteElo "2624"]
[BlackElo "2327"]

1.d4 d5 2.c4 c6 3.Nf3 Nf6 4.Qc2 a6 5.Bf4 e6 6.Nbd2 Be7 7.e3 Nbd7 8.a3 O-O
9.Rd1 Re8 10.c5 b6 11.b4 bxc5 12.bxc5 Nh5 13.Bd3 g6 14.O-O Nxf4 15.exf4 Qc7
16.g3 Kg7 17.Rfe1 a5 18.Qc3 Ba6 19.Bc2 Bf6 20.h4 h5 21.Kg2 Reb8 22.Rb1 Bd8
23.Ng5 Rxb1 24.Bxb1 Rb8 25.Ndf3 Qb7 26.Qc2 Bxg5 27.Nxg5 Nf8 28.Qc3 Qc7 29.Bc2 Bc4
30.Nf3 Nd7 31.Nd2 Bb5 32.Rb1 Nf6 33.a4 Ba6 34.Rxb8 Qxb8 35.f3 Kf8 36.Nb3 Qb4
37.Qxb4 axb4 38.Na5 Bc4 39.Kf2 Ba2 40.Ke3 Ke8 41.Kd2 Kd7 42.Bd3 Ng8 43.Kc2 Ne7
44.g4 Ng8 45.Kb2 b3 46.Nb7 f5 47.g5 Kc7 48.Nd6 Ne7 49.Ba6  1-0

[Event "World Amateur Championship"]
[Site "Neos Marmaras GRE"]
[Date "2012.04.18"]
[Round "4"]
[White "Vivek,M"]
[Black "Tqavadze,G"]
[Result "0-1"]
[WhiteElo "1852"]
[BlackElo "1996"]

1.d4 c6 2.c4 d5 3.Nf3 Nf6 4.g3 e6 5.Bg2 Be7 6.O-O O-O 7.Nbd2 Nbd7 8.Qc2 Qc7
9.e4 dxe4 10.Nxe4 e5 11.dxe5 Nxe5 12.Bf4 Nxf3+ 13.Bxf3 Qa5 14.Bg5 Nxe4 15.Bxe7 Nd2
16.Be4 Nxe4 17.Bxf8 Bf5 18.b4 Qe5 19.Rfe1 Rxf8 20.Rad1 Qc3 21.Qxc3 Nxc3 22.Rd2 Be6
23.Re3 Na4 24.c5 b5 25.Rd6 Rc8 26.f4 Kf8 27.Rd2 h5 28.Kf2 g6 29.a3 Bd5 30.Rde2 a5
31.bxa5 Nxc5 32.Rc2 Na4 33.Re5 Ra8 34.f5 gxf5 35.Ke3 Be4 36.Rd2 Nc3 37.Rd6 Rxa5
38.Rh6 Rxa3 39.Rxh5 b4 40.Rh8+ Kg7 41.Rb8 Nb5+ 42.Kf4 Kf6 43.Rxe4 fxe4 44.g4 b3  0-1

[Event "ch-FRA Juniors 2012"]
[Site "Nimes FRA"]
[Date "2012.04.18"]
[Round "6.4"]
[White "Le Ruyet,L"]
[Black "Lallement,V"]
[Result "1/2-1/2"]
[WhiteElo "2240"]
[BlackElo "2101"]

1.Nf3 Nf6 2.c4 c6 3.d4 d5 4.Nbd2 g6 5.e3 Bg7 6.Bd3 Nbd7 7.b3 e5 8.cxd5 Nxd5
9.Nc4 exd4 10.Ba3 c5 11.O-O O-O 12.exd4 Nc3 13.Qc2 Nb5 14.Rad1 Nxd4 15.Nxd4 Bxd4
16.Nd6 Qa5 17.Bc1 Ne5 18.Bg5 Nxd3 19.Rxd3 Be6 20.Be7 Rfe8 21.Nxe8 Rxe8 22.Bh4 Bf5
23.Qd2 Qa6 24.Rxd4 cxd4 25.Qxd4 Qd3 26.Qxd3 Bxd3 27.Rd1 f5 28.f3 Bb5 29.a4 Bc6
30.Kf2 Kf7 31.Bg5 a6 32.Rd6 Re6 33.Rd4 Re8 34.Rh4 h5 35.Be3 Re5 36.Bd4 Re6
37.Bc3 Ke7 38.Rd4 Kf7 39.h4 Re7 40.Rd2 Rd7 41.Bd4 Re7 42.Kg3 Bd5 43.Bc5 Rd7
44.Kf4 Be6 45.Rb2 Rd1 46.Kg5 Rd7 47.b4 b5 48.axb5 axb5 49.Kf4 Bc4 50.Rb1 Rd2
51.g3 Rd3 52.Ra1 Bd5 53.Ra7+ Ke6 54.Ra6+ Kf7 55.Ke5 Bxf3 56.Ra7+ Ke8 57.Rg7 Rd7
58.Rxg6 Kf7 59.Rf6+ Kg7 60.Bd6 Rf7 61.Re6 Bc6 62.Kf4 Bd7 63.Be5+ Kg8 64.Rb6 Re7
65.Rg6+ Kh7 66.Rg5 Kh6 67.Rg8 Kh7 68.Rd8 Kg6 69.Rg8+ Kh7 70.Rb8 Kg6 71.Rb7 Kf7
72.Bd6 Re4+ 73.Kg5 Ke6 74.Rb6 Rg4+ 75.Kxh5 Be8+ 76.Kh6 Rg6+ 77.Kh7 Kd5 78.Bc7 Rxb6
79.Bxb6 Ke6 80.Kg7 Bf7 81.Bd4 Be8 82.Bc3 Ke7 83.Kh6 Kf7 84.Kg5 Bd7 85.Kf4 Kg6
86.Ke5 Bc6 87.Bd4 Bf3 88.Ke6 Be2 89.Ke5 Bd1 90.Ba1 Be2 91.Bd4 Bd1 92.Ba1 Be2
93.Bd4 Bd1  1/2-1/2

[Event "Belgrade Cup Final 2012"]
[Site "Belgrade SRB"]
[Date "2012.04.21"]
[Round "4.3"]
[White "Radusinovic,L"]
[Black "Dunjic,D"]
[Result "1-0"]
[WhiteElo "2332"]
[BlackElo "2140"]

1.d4 d5 2.Nf3 Nf6 3.c4 c6 4.g3 g6 5.cxd5 cxd5 6.Bg2 Bg7 7.O-O O-O 8.Nc3 Nc6
9.Ne5 Qb6 10.Nxc6 Qxc6 11.Qb3 e6 12.Bf4 Bd7 13.Rfc1 Qb6 14.Qxb6 axb6 15.Bc7 b5
16.a3 Rfc8 17.Be5 Rc4 18.e3 Rac8 19.Bf1 R4c6 20.Bxb5 Rxc3 21.Rxc3 Rxc3 22.Bxd7 Rc2
23.Ba4 Rxb2 24.Rc1 h5 25.Rc8+ Kh7 26.Bxf6 Bxf6 27.Rc7 Bg7 28.Rxf7 h4 29.gxh4 Kg8
30.Re7 Bf6 31.Rxe6 Kf7 32.Bd7 Bxh4 33.Re5 Bxf2+ 34.Kf1 Kf6 35.Be6 Bh4 36.Bxd5 Rxh2
37.Bg2 Bg5 38.Kf2 b6 39.a4 Bh4+ 40.Kg1 Bg3 41.Rb5 Bc7 42.Rxb6+ Kf5 43.Rb7 Bg3
44.a5 Kg4 45.a6 Rh5 46.d5 Bh2+ 47.Kf1 Rf5+ 48.Ke2 Bg1 49.a7 Rf2+ 50.Kd3 Ra2
51.d6 Ra3+ 52.Kc2 Bxe3 53.Rb4+  1-0

[Event "14th Dubai Open 2012"]
[Site "Dubai UAE"]
[Date "2012.04.22"]
[Round "8.12"]
[White "Grigoryan,K2"]
[Black "Volkov,Sergey1"]
[Result "1/2-1/2"]
[WhiteElo "2510"]
[BlackElo "2623"]

1.d4 d5 2.c4 c6 3.Nf3 Nf6 4.Qc2 dxc4 5.Qxc4 Bf5 6.g3 e6 7.Bg2 Nbd7 8.O-O Be7
9.e3 O-O 10.Rd1 Qc7 11.Nc3 Rad8 12.h3 h6 13.Qe2 Ne4 14.Nd2 Nxc3 15.bxc3 Bc2
16.Re1 c5 17.Nb3 Bg6 18.e4 e5 19.Be3 Rfe8 20.d5 Bd6 21.Nd2 Rf8 22.g4 Be7
23.a4 Nb6 24.a5 Nc8 25.Nc4 Bg5 26.Reb1 f6 27.Bxg5 hxg5 28.Rb3 Be8 29.Rab1 Rf7
30.Qe3 Rdd7 31.Bf1 Qd8 32.Qxc5 Rc7 33.Qa3 Rfd7 34.Rc1 Kf7 35.Rd1 Kg8 36.Nd2 Nd6
37.c4 Qc8 38.Bd3 Rc5 39.Rb4 Rdc7 40.Nb3 Nxc4 41.Qc1 Nxa5 42.Nxc5 Rxc5 43.Qa1 Bd7
44.Bf1 b6 45.Rbb1 Qc7 46.Qa2 Kh7 47.Qa3 Kh6 48.Rbc1 Nb7 49.d6 Qb8 50.Rxc5 Nxc5
51.Qe3 a5 52.f3 Kg6 53.Qe1 Ne6 54.Qc3 a4 55.Kf2 b5 56.Qa5 b4 57.Bc4 Nd4 58.Qc7 Qe8
59.Qa7 b3 60.Rc1 b2 61.Rb1 Qc8 62.Rxb2 a3 63.Rb4 a2 64.Qxa2 Qc5 65.Bf7+ Kh6
66.Rc4 Qb6 67.Kg2 g6 68.Rc7 Qb5 69.Bc4 Qb4 70.Rxd7 Qc3 71.Be2 Qe3 72.Rd8 Ne6
73.Rh8+ Kg7 74.Ra8 Nf4+ 75.Kf1 Qc1+ 76.Bd1 Qxd1+ 77.Kf2 Qd4+ 78.Ke1 Qe3+
79.Kd1 Qd3+  1/2-1/2

[Event "14th Dubai Open 2012"]
[Site "Dubai UAE"]
[Date "2012.04.22"]
[Round "8.14"]
[White "Raetsky,A"]
[Black "Sokolov,Ivan"]
[Result "0-1"]
[WhiteElo "2461"]
[BlackElo "2653"]

1.d4 d5 2.c4 c6 3.Nf3 Nf6 4.Qc2 g6 5.Bf4 Bg7 6.e3 O-O 7.Nc3 c5 8.dxc5 Qa5
9.Rc1 Nc6 10.a3 Be6 11.Nd2 dxc4 12.Nxc4 Qxc5 13.b4 Nxb4 14.axb4 Qxb4 15.Rb1 Qc5
16.Rb5 Qc8 17.Qb3 Nd7 18.Na4 Qc6 19.Be2 Qxg2 20.Rf1 Rfc8 21.f3 Qxe2+ 22.Kxe2 Bxc4+
23.Qxc4 Rxc4 24.Rxb7 Nf8  0-1

[Event "TCh-NED Meesterklasse 2011-12"]
[Site "Netherlands NED"]
[Date "2012.04.22"]
[Round "9.8"]
[White "De Jong,JW"]
[Black "Van de Oudeweetering,A"]
[Result "1-0"]
[WhiteElo "2424"]
[BlackElo "2338"]

1.d4 d5 2.c4 c6 3.Nf3 Nf6 4.Qb3 e6 5.Bg5 Be7 6.e3 Nbd7 7.Nc3 O-O 8.Bd3 h6
9.Bh4 c5 10.cxd5 exd5 11.Qc2 cxd4 12.exd4 Nb6 13.O-O Be6 14.Rfe1 Rc8 15.Bf5 Bxf5
16.Qxf5 Re8 17.Re2 Qd7 18.Qd3 Nc4 19.Ne5 Qd8 20.Rae1 Qa5 21.Bxf6 Bxf6 22.Nd7 Rxe2
23.Nxf6+ gxf6 24.Qxe2 Rc6 25.Qg4+ Kf8 26.Qd7 Nd6 27.Qh3 Ne4 28.Qxh6+ Ke7
29.f3 f5 30.Qe3  1-0

[Event "Historical Melaka Op"]
[Site "Melaka MAS"]
[Date "2012.04.23"]
[Round "1"]
[White "Nayan,A"]
[Black "Fominyh,A"]
[Result "0-1"]
[WhiteElo "2072"]
[BlackElo "2488"]

1.d4 d5 2.Nf3 Nf6 3.c4 c6 4.g3 Bf5 5.Nc3 e6 6.Bg2 Nbd7 7.Nd2 Qb6 8.e4 dxe4
9.Ndxe4 Bxe4 10.Nxe4 Nxe4 11.Bxe4 Bb4+ 12.Kf1 Nf6 13.Bf3 Be7 14.Qb3 Qxb3
15.axb3 O-O 16.Be3 Rfd8 17.Kg2 a6 18.Rhd1 Rd7 19.Rd2 Rad8 20.Re2 h6 21.Rae1 Bb4
22.Rc1 Kf8 23.g4 Be7 24.h4 Kg8 25.Rce1 Bb4 26.Rc1 Nh7 27.Be4 Nf6 28.Bf3 Bf8
29.Rce1 g6 30.g5 hxg5 31.hxg5 Nh7 32.d5 cxd5 33.cxd5 exd5 34.Bg4 d4 35.Bxd7 dxe3
36.Rd1 exf2 37.Rxf2 Nxg5 38.Bg4 Rxd1 39.Bxd1 b6 40.Be2 a5 41.Bc4 Kg7 42.Re2 f5
43.Bd5 Kf6 44.Bb7 Ne6 45.Rd2 Bc5 46.Bd5 Nf4+ 47.Kf3 g5 48.Bc4 Nh5 49.Rd7 g4+
50.Kg2 f4 51.Be2 f3+ 52.Bxf3 gxf3+ 53.Kxf3 Ke5 54.Ke2 Bd4 55.Kd3 Nf4+ 56.Kc4 Bc5
57.Rd2 Ne6 58.Rd5+ Ke4 59.Rd1 Ke5 60.Rd5+ Kf6 61.Rd7 Nf8 62.Rd5 Ne6 63.Rd7 Ng5
64.Rd1 Ke6 65.Rd8 Nf7 66.Rd1 Ne5+ 67.Kc3 Nd7 68.Rf1 Ke7 69.Rf4 Bb4+  0-1

[Event "3rd LUC Open"]
[Site "Lille FRA"]
[Date "2012.04.26"]
[Round "5.8"]
[White "Bellahcene,B"]
[Black "Handke,F"]
[Result "0-1"]
[WhiteElo "2321"]
[BlackElo "2525"]

1.d4 d5 2.c4 c6 3.Nf3 Nf6 4.Qc2 dxc4 5.Qxc4 Bf5 6.g3 e6 7.Bg2 Nbd7 8.O-O Be7
9.e3 O-O 10.Rd1 h6 11.h3 Rc8 12.Qe2 Qa5 13.Nfd2 e5 14.e4 Be6 15.dxe5 Nxe5
16.Nf1 Bb3 17.Re1 Bc4 18.Qd2 Bb4 19.Nc3 Nd3 20.Rd1 Rfe8 21.Ne3 Ba6 22.Qc2 Bxc3
23.bxc3 Rcd8 24.c4 Ne1 25.Qe2 Rxd1 26.Qxd1 Nxg2 27.Kxg2 Qe5 28.Ba3 Qxe4+
29.Kh2 Bxc4 30.Rb1 b5 31.Bc5 a5 32.a4 Nd5  0-1

[Event "TCh-AUT 2 Ost 2011-12"]
[Site "Bruck AUT"]
[Date "2012.04.29"]
[Round "11"]
[White "Baumegger,S"]
[Black "Varga,Zo"]
[Result "0-1"]
[WhiteElo "2419"]
[BlackElo "2474"]

1.d4 d5 2.c4 c6 3.Nf3 Nf6 4.Qc2 e6 5.g3 dxc4 6.Qxc4 b5 7.Qb3 Bb7 8.Bg2 a6
9.O-O c5 10.dxc5 Nbd7 11.Rd1 Bd5 12.Qc2 Bxc5 13.Nc3 Rc8 14.e4 Bb7 15.Ne5 Qb6
16.Nxd7 Nxd7 17.Qe2 Ne5 18.Bf4 Ng6 19.e5 Bxg2 20.Kxg2 O-O 21.Ne4 Rfd8 22.Rac1 Be7
23.Bg5 Rxc1 24.Rxc1 Bxg5 25.Nxg5 Qb7+ 26.Nf3 h6 27.h4 Rd5 28.Kg1 Qb8 29.Rc6 Nxe5
30.Rxa6 Qb7 31.Ra3 Rc5 32.Qe3 Qc6 33.Kg2 Nc4 34.Ra8+ Kh7 35.Qd3+ Rf5 36.Rc8 Qxc8
37.g4 Nxb2 38.Qb1 Qc4 39.Kg3  0-1

[Event "TCh-AUT 2 Ost 2011-12"]
[Site "Bruck AUT"]
[Date "2012.04.29"]
[Round "11"]
[White "Schweda,R"]
[Black "Herndlbauer,M"]
[Result "1-0"]
[WhiteElo "2447"]
[BlackElo "2151"]

1.d4 d5 2.c4 c6 3.Nf3 Nf6 4.Qc2 g6 5.Bf4 Bf5 6.Qb3 Qb6 7.e3 e6 8.Nc3 Nh5
9.Qxb6 axb6 10.Bc7 dxc4 11.Bxb8 Rxb8 12.e4 b5 13.exf5 gxf5 14.g3 Ra8 15.Be2 Nf6
16.O-O b4 17.Nd1 b5 18.Ne5 Ra6 19.Bf3 Nd5 20.Re1 Be7 21.Ne3 f6 22.Nxc6 Rxc6
23.Bxd5 Rd6 24.Bf3 f4 25.Nc2 Ra6 26.gxf4  1-0

[Event "TCh-AUT 2 Ost 2011-12"]
[Site "Bruck AUT"]
[Date "2012.04.29"]
[Round "11"]
[White "Todor,R"]
[Black "Wallner,J"]
[Result "0-1"]
[WhiteElo "2199"]
[BlackElo "2333"]

1.Nf3 d5 2.d4 Nf6 3.c4 c6 4.Qb3 dxc4 5.Qxc4 Bf5 6.Nc3 e6 7.g3 Be7 8.Bg2 Nbd7
9.O-O O-O 10.Re1 Ne4 11.Qb3 Qb6 12.Nh4 Bxh4 13.Qxb6 axb6 14.gxh4 Nxc3 15.bxc3 Bc2
16.Bf4 Ra4 17.Rec1 Bg6 18.Bd6 Rfa8 19.a3 b5 20.Ra2 f6 21.e4 e5 22.Bb4 exd4
23.Bh3 Ne5 24.Rd1 Bxe4 25.Be6+ Kh8 26.cxd4 Nf3+ 27.Kf1 Nxh2+ 28.Kg1 Nf3+
29.Kf1 Nxh4 30.f4 h6 31.Re1 Bd3+ 32.Kf2 Rd8 33.Rd2 Bf5 34.Bf7 Bg6 35.Bb3 Raa8
36.Re7 b6 37.Be6 Bf5 38.Re2 Rxd4 39.Bf7 Rxf4+ 40.Ke1 Nf3+ 41.Kd1 Ne5  0-1

[Event "Copenhagen Chess Challenge 2012"]
[Site "Ballerup DEN"]
[Date "2012.05.05"]
[Round "7"]
[White "Semcesen,D"]
[Black "Andersen,Mad"]
[Result "1/2-1/2"]
[WhiteElo "2461"]
[BlackElo "2431"]

1.Nf3 d5 2.d4 Nf6 3.c4 c6 4.Qb3 dxc4 5.Qxc4 Bf5 6.g3 e6 7.Bg2 Nbd7 8.O-O Be7
9.e3 O-O 10.Qe2 c5 11.Nc3 Ne4 12.Ne1 Ndf6 13.f3 Nxc3 14.bxc3 cxd4 15.cxd4 Qb6
16.Bb2 e5 17.e4 Bd7 18.a4 exd4 19.Nd3 Be6 20.Qf2 Rfd8 21.Rfd1 Bb3 22.Rd2 Qa5
23.Kh1 Rac8 24.h3 Bxa4 25.f4 b5 26.e5 Nd5 27.Bxd4 Nb4 28.Ne1 Qc7 29.Be4 Nc6
30.Be3 Rxd2 31.Qxd2 Na5 32.Qe2 Nc4 33.Bg1 Rd8 34.Nf3 a5 35.g4 g6 36.Qe1 f6
37.Nd4 Qd7 38.Nc6 Rc8 39.Nxe7+ Qxe7 40.Bd5+ Kf8 41.Qe4 Nd2 42.Qg2 Rc2 43.Re1 Nc4
44.Qf3 b4 45.Bf2 Rc3 46.Qg2 fxe5 47.fxe5 Ke8 48.e6 Nd6 49.Bd4 Rd3 50.Bc6+ Bxc6
51.Qxc6+ Kf8 52.Rf1+ Kg8 53.Qa8+ Qe8 54.Qd5 Rxd4 55.Qxd4 Qxe6 56.Kh2 b3 57.Rf6 Qe2+
58.Rf2 Qe6 59.Rf6 Qe2+ 60.Rf2 Qe6 61.Rf6  1/2-1/2

[Event "MMM Open 2012"]
[Site "Krakow POL"]
[Date "2012.05.06"]
[Round "9.3"]
[White "Szuper,P"]
[Black "Gbyl,A"]
[Result "1-0"]
[WhiteElo "2189"]
[BlackElo "2223"]

1.d4 d5 2.Nf3 c6 3.c4 Nf6 4.Qb3 e6 5.g3 Nbd7 6.Bg2 Be7 7.O-O O-O 8.Nc3 Nb6
9.c5 Nbd7 10.Bf4 b6 11.cxb6 axb6 12.Rfd1 Bb7 13.Rac1 b5 14.a3 Nh5 15.Bd2 f5
16.Na2 Qb6 17.Bb4 c5 18.dxc5 Bxc5 19.Bxc5 Nxc5 20.Qe3 Rac8 21.Nb4 Rfe8 22.Nd3 Nd7
23.Qxb6 Nxb6 24.Nd4 Nc4 25.b3 Nd6 26.Nc5 Kf7 27.Nxb7 Nxb7 28.Nxb5 Nf6 29.b4 Ke7
30.e3 Nd7 31.a4 Nb6 32.a5 Nc4 33.Bf1 Nbd6 34.Nxd6 Nxd6 35.b5 Nc4 36.Bxc4 dxc4
37.b6 Ra8 38.Rxc4 Rxa5 39.Rc7+ Kf6 40.b7 Rb8 41.Rdd7 Rb5 42.Rxg7 Ke5 43.Rxh7 Ke4
44.Kg2 Rb2 45.Rhe7 Kd3 46.Rxe6 Ke2 47.Re5  1-0

[Event "Ostravsky Konik A"]
[Site "Ostrava CZE"]
[Date "2012.05.06"]
[Round "9.6"]
[White "Dolezal,Ra1"]
[Black "Slanina,M"]
[Result "1/2-1/2"]
[WhiteElo "2384"]
[BlackElo "2140"]

1.d4 d5 2.Nf3 Nf6 3.c4 c6 4.Qb3 e6 5.Bg5 Be7 6.Nbd2 Nbd7 7.e3 O-O 8.Bd3 b6
9.O-O Bb7 10.Rad1 c5 11.Bb1 Ne4 12.Bxe7 Qxe7 13.Nxe4 dxe4 14.Nd2 Nf6 15.Qa3 Qc7
16.dxc5 bxc5 17.h3 Qe5 18.Nb3 Rfc8 19.Na5 Ba6 20.Rd2 Rab8 21.Rc1 g5 22.Qc3 Qxc3
23.Rxc3 Rb6 24.Rc1 Kf8 25.f3 exf3 26.gxf3 Ke7 27.Kf2 Rb4 28.b3 Rb6  1/2-1/2

[Event "Asian Continental 2012"]
[Site "Ho Chi Minh City VIE"]
[Date "2012.05.07"]
[Round "3.10"]
[White "Ju Wenjun"]
[Black "Nezad,H"]
[Result "1/2-1/2"]
[WhiteElo "2529"]
[BlackElo "2393"]

1.d4 d5 2.c4 c6 3.Nf3 Nf6 4.Qc2 dxc4 5.Qxc4 Bf5 6.g3 e6 7.Bg2 Nbd7 8.e3 Be7
9.O-O O-O 10.Rd1 Qc7 11.Nc3 Bg6 12.h3 Rac8 13.Qe2 Ne4 14.Bd2 Rfd8 15.Rac1 Nxc3
16.Bxc3 Be4 17.Ne1 Bxg2 18.Nxg2 Nf6 19.Nf4 Nd5 20.Nd3 Nxc3 21.Rxc3 Bf8 22.h4 g6
23.Rdc1 Rd5 24.a3 Rcd8 25.Nf4 R5d7 26.Nd3 Rd5 27.Nf4 R5d7 28.Nd3 Rd5 29.Nf4 R5d7
30.Nd3 Rd5  1/2-1/2

[Event "42nd Bosna Open B"]
[Site "Sarajevo BIH"]
[Date "2012.05.09"]
[Round "7.7"]
[White "Banduka,Z"]
[Black "Brkic,I"]
[Result "1-0"]
[WhiteElo "2170"]
[BlackElo "2059"]

1.d4 d5 2.c4 c6 3.Nf3 Nf6 4.g3 Bf5 5.Nc3 e6 6.Bg2 a6 7.Nh4 Bg6 8.O-O dxc4
9.Nxg6 hxg6 10.a4 Nd5 11.e4 Nxc3 12.bxc3 b5 13.d5 Bc5 14.dxe6 fxe6 15.Qg4 Kf7
16.axb5 cxb5 17.e5 Ra7 18.Be4 Qc8 19.Bxg6+ Kg8 20.Bg5 Nc6 21.Qf4 Qf8 22.Qe4 Ne7
23.Rad1 Qa8 24.Rd7 Nxg6 25.Rd8+ Kf7 26.Rxa8 Rhxa8 27.Rd1 Rc8 28.h4 Nf8 29.h5 Be7
30.Be3 Raa8 31.f4 a5 32.f5 b4 33.fxe6+ Kg8 34.Qf5 Rc7 35.Qf7+ Kh8 36.h6 gxh6
37.Kg2 Nh7 38.Bxh6 Rg8 39.Rd7 Rxd7 40.exd7 Bd8 41.e6 b3 42.e7 Bxe7 43.Qxe7  1-0

[Event "47th Capablanca Memorial Premier"]
[Site "Havana CUB"]
[Date "2012.05.10"]
[Round "6.4"]
[White "Cordova,E"]
[Black "Ortiz Suarez,I"]
[Result "1/2-1/2"]
[WhiteElo "2566"]
[BlackElo "2572"]

1.d4 d5 2.Nf3 Nf6 3.c4 c6 4.g3 dxc4 5.Bg2 b5 6.Nc3 Bb7 7.O-O e6 8.e4 Be7
9.a4 b4 10.e5 bxc3 11.exf6 Bxf6 12.bxc3 c5 13.Ba3 O-O 14.Bxc5 Re8 15.Rb1 Bd5
16.Nd2 Nd7 17.Ba3 Rb8 18.Bxd5 exd5 19.Qh5 Rxb1 20.Rxb1 Qa5 21.Rb7 Qxa4 22.Qxd5 Rd8
23.Ne4 Qxa3 24.Rxd7 Rxd7 25.Qxd7 a5 26.Nd6 h6 27.Qxf7+ Kh8 28.Qe8+ Kh7 29.Qe4+ Kh8
30.Nf7+ Kg8 31.Qd5 Kh7 32.Qf5+ Kg8 33.Nxh6+ gxh6 34.Qxf6 Qxc3 35.Qe6+ Kg7
36.d5 Qd3 37.Qd7+ Kf6 38.Qc6+ Kg7 39.Qb7+ Kf6 40.Qa6+ Kf7 41.Qa7+ Kf6 42.Qb6+ Kf7
43.Qc7+ Kg6 44.d6 c3 45.d7 c2 46.d8=Q Qxd8 47.Qxc2+ Kg7 48.h4 Qd5 49.Kf1 Qb5+
50.Ke1 a4 51.Qc3+ Kf7 52.Kd2 h5 53.Qf3+ Kg8 54.Kc2 Qb6 55.Qd5+ Kg7 56.f4 Qf2+
57.Kb1 Qe1+ 58.Ka2 Qf2+  1/2-1/2

[Event "Asian Continental 2012"]
[Site "Ho Chi Minh City VIE"]
[Date "2012.05.10"]
[Round "6.5"]
[White "Megaranto,S"]
[Black "Barbosa,O PHI"]
[Result "0-1"]
[WhiteElo "2517"]
[BlackElo "2550"]

1.d4 d5 2.Nf3 Nf6 3.c4 c6 4.Qc2 dxc4 5.Qxc4 Bg4 6.Nbd2 Nbd7 7.g3 e6 8.Bg2 Be7
9.O-O O-O 10.Nb3 a5 11.Bg5 a4 12.Nbd2 Bf5 13.Rfd1 h6 14.Bxf6 Bxf6 15.a3 Bg6
16.e4 Qa5 17.Qe2 Rad8 18.Rac1 c5 19.Nc4 Qa6 20.e5 Be7 21.Qe3 b5 22.Ncd2 c4
23.Ne4 Nb6 24.Nc3 Nd5 25.Nxd5 exd5 26.Nd2 b4 27.axb4 Bxb4 28.Nf1 Qb5 29.Ra1 Bc2
30.Rdc1 Bd3 31.Bf3 Be7 32.Be2 Bg6 33.Qd2 Bg5 34.f4 Be7 35.Bd1 Ra8 36.Bc2 Be4
37.Bxe4 dxe4 38.Ne3 Rfc8 39.Kg2 Rab8 40.Rc2 Qb3 41.Rac1 a3 42.bxa3 Bxa3 43.Rd1 Qa4
44.Qe2 c3 45.f5 Rb2 46.e6 fxe6 47.fxe6 Qb3 48.d5 Bc5 49.Rdc1 Rf8 50.Nd1 e3
51.Qd3 Bd4 52.Qe4 Rxc2+ 53.Rxc2 e2 54.e7 Qxc2 55.exf8=Q+ Kxf8 56.Qxc2 e1=N+  0-1

[Event "85th ch-St Petersburg"]
[Site "St Petersburg RUS"]
[Date "2012.05.12"]
[Round "8"]
[White "Rozum,I"]
[Black "Martynov,P2"]
[Result "1/2-1/2"]
[WhiteElo "2477"]
[BlackElo "2284"]

1.d4 d5 2.c4 c6 3.Nf3 Nf6 4.Qb3 dxc4 5.Qxc4 Bf5 6.g3 e6 7.Bg2 Nbd7 8.O-O Be7
9.Rd1 O-O 10.e3 Ne4 11.Qe2 Qb6 12.Ne1 c5 13.f3 Nef6 14.dxc5 Nxc5 15.Kh1 Rfd8
16.Rxd8+ Rxd8 17.e4 Bg6 18.Be3 Qa5 19.Na3 Na4 20.Nc4 Qa6 21.Bf1 Nd7 22.Qf2 b5
23.Na3 Bxa3 24.bxa3 Ndb6 25.Nd3 Nc4 26.Bxa7 Nc3 27.Bc5 Qc8 28.Re1 f5 29.e5 Qc6
30.Be7 Rd7 31.Bb4 Nd5 32.Kg1 f4 33.Nxf4 Nxf4 34.gxf4 Bd3 35.Bh3 g6 36.Kh1 Rf7
37.Rd1 Nb2 38.Rg1 Nc4 39.Qd4 Qxf3+ 40.Bg2 Qe3 41.Qd8+ Kg7 42.Re1 Be2 43.Be7 Qxf4
44.Bf6+ Kh6 45.Qe8 Qf2 46.Rg1 Bf3 47.Qxf7 Bxg2+ 48.Rxg2 Qf1+ 49.Rg1 Qf3+
50.Rg2  1/2-1/2

[Event "ch-CZE 2012"]
[Site "Kouty nad Desnou CZE"]
[Date "2012.05.14"]
[Round "3"]
[White "Konopka,M"]
[Black "Olsarova,T"]
[Result "1-0"]
[WhiteElo "2452"]
[BlackElo "2209"]

1.Nf3 d5 2.d4 Nf6 3.c4 c6 4.Nbd2 Bf5 5.g3 h6 6.Bg2 e6 7.O-O Be7 8.b3 O-O
9.Bb2 Nbd7 10.e3 Ne4 11.Qe2 Re8 12.Rfc1 Bf6 13.a3 c5 14.Nxe4 Bxe4 15.cxd5 Bxd5
16.dxc5 Bxb3 17.Nd4 Bxd4 18.Bxd4 e5 19.Bb2 Rc8 20.Qb5 Be6 21.Bxb7 a6 22.Bxa6 Bd5
23.c6 Nf6 24.Bxc8 Qxc8 25.c7 Qf5 26.Qxe8+ Nxe8 27.c8=Q Qe4 28.Kf1 Qg2+ 29.Ke1  1-0